| 000 -ლიდერი |
| ფიქსირებული სიგრძის საკონტროლო ველი |
01033nam a22002177a 4500 |
| 003 - საკონტროლო ნომრის იდენტიფიკატორი |
| საკონტროლო ველი |
Ge_BSU |
| 005 - ბოლო ოპერაციის თარიღი და დრო |
| საკონტროლო ველი |
20191202123435.0 |
| 008 - ფიქსირებული სიგრძის მონაცემთა ელემენტები - ზოგადი ინფორმაცია |
| ფიქსირებული სიგრძის საკონტროლო ველი |
191202s2019 ge ||||| |||| 00| 0 geo d |
| 020 ## - წიგნის საერთაშორისო სტანდარტული ნომერი |
| International Standard Book Number |
9789941265709 |
| 041 ## - ენის კოდი |
| Language code of text/sound track or separate title |
geo |
| 080 ## - უნივერსალური ათობითი კლასიფიკაციის ინდექსი |
| Universal Decimal Classification number |
821.353.1.09 ჭ-24 |
| 100 ## - მთავარი ჩანაწერი - პიროვნების სახელი |
| Personal name |
ჭანტურია, მამუკა |
| 9 (RLIN) |
5661 |
| 245 ## - ცნობა სათაურის შესახებ |
| Title |
ვაჟა-ფშაველას პოეტური სამყარო / |
| Statement of responsibility, etc |
მამუკა ჭანტურია ; რედ : მარინე ნონიკაშვილი ; როსტომ ჩხეიძე. |
| 264 ## - წარმოების, გამოცემის, დისტრიბუციის და სხვა ცნობები |
| გამოცემის, წარმოების, დისტრიბუციის... ადგილი |
თბილისი : |
| გამოცემის, წარმოების, დისტრიბუციის... სახელწოდება |
უნივერსალი, |
| გამოცემის, წარმოების, დისტრიბუციის... თარიღი |
2019. |
| 300 ## - ფიზიკური აღწერა |
| Extent |
679 გვ.: |
| Dimensions |
20 სმ. |
| 653 ## - INDEX TERM--UNCONTROLLED |
| Uncontrolled term |
ქართული ლიტერატურა |
| 653 ## - INDEX TERM--UNCONTROLLED |
| Uncontrolled term |
ვაჟა-ფშაველა |
| 700 ## - ADDED ENTRY--PERSONAL NAME |
| Personal name |
ნონიკაშვილი, მარინე |
| Relator term |
რედაქტორი |
| 9 (RLIN) |
5662 |
| 700 ## - ADDED ENTRY--PERSONAL NAME |
| Personal name |
ჩხეიძე , როსტომ |
| Relator term |
რედაქტორი |
| 9 (RLIN) |
1213 |
| 942 ## - ADDED ENTRY ELEMENTS (KOHA) |
| Source of classification or shelving scheme |
|
| Koha item type |
წიგნი |